00628nam a2200229Ia 4500003000900000008004100009020001800050040001600068080001500084100002000099245006200119260003300181300001600214650004100230650002000271650001800291650001900309650001200328700001900340700001900359700002000378IN-BaIIA211028s9999 xx 000 0 eng d a0-08-017783-2 cIIA Library a533bAKH-1 aAkhiezer, A. I. 0aPlasma electrodynamicsbvol. 1cA. I. Akhiezer..[et al.]  aOxfordbPergamon Pressc1975 axvii, 414p. aAstronomy and astrophysics thesaurus aElectrodynamics aLinear theory aPlasma physics aPlasmas aPolovin, R. V. aSitenko, A. G. aStepanov, K. N.